000 00552nam a2200181 a 4500
001 000009117
005 20200929161507.0
008 090928s2003 dr ac 000 0 spa d
020 _a9993410004
040 _aDO-SdBNP
082 _axxx
_bB312g
100 1 _aBasilio, Nicolás
_d1942-
_96469
245 1 0 _aGloria a Dios y honor a mi patria /
_cNicolás Basilio.
260 _aSanto Domingo :
_bGráfica Wiliam,
_c2003.
300 _a70 p. :
_bil., retr. ;
_c22 cm.
500 _aIncluye datos biográficos del autor en la contracubierta
049 _aBNPD
999 _c8881
_d8881